000 04048nab a2200397 i 4500
003 BR-BrBNA
005 20240808135208.0
008 240808b2017 bl.|r|pooa||| 00| 0 eng |
040 _aBR-BrBNA
_beng
072 _aL73
_b5400
072 _aL70
100 _aAnaí, L.A.
100 _aMunhoz, T.D.
100 _aSemolin, L.M.S.
100 _aReis Filho, N.P.
100 _aTerra, E.M.
100 _aJark, P.C.
100 _aFonseca, D.M.
100 _aNogueira, A.F.S.
100 _aTinucci-Costa, M.
100 _aSantana, A.E.
245 _aQuantification of Treg cells in peripheral blood and lymph nodes of dogs with multicentric lymphoma
500 _aPublicação online; 22 ref.; 2 tables; 2 illus.; Summaries (En, Pt)
520 _a ABSTRACT - Lymphoma is a malignant tumor characterized by cell proliferation of lymphoid origin and corresponds to 90% of all hematopoietic neoplasms of dogs. Regulatory T cells (Tregs) have been the target of many investigations in oncology due to their potential of down-regulating immune responses, as well as ensuring the maintenance of active mechanisms of tumor suppression. The aims of the present study were to compare the percentage of Tregs in peripheral blood between dogs with multicentric lymphoma and healthy animals, together with the percentage of Tregs in peripheral blood and lymph nodes of dogs with multicentric lymphoma. Twenty-six animals were enrolled in the study: 10 healthy dogs comprised the control group (CG) and 16 dogs with multicentric lymphoma comprised the Lymphoma Group (LG). We observed that dogs in the LG showed a significantly higher Tregs expression in peripheral blood compared to the CG. No significant difference was observed between Tregs expression in lymph nodes and peripheral blood of the LG, however. With these results, it is possible to conclude that multicentric lymphoma is a neoplasm with high Tregs expression, which poses this as a condition of interest when investigating treatments that can suppress Regulatory T cells. Keywords: regulatory T cells, canine, lymphoma, Foxp3
520 _a RESUMO - O linfoma é uma neoplasia maligna caracterizada pela proliferação neoplásica de células originadas de tecido linfoide e corresponde a cerca de 90% das neoplasias hematopoiéticas em cães. Células T reguladoras (Tregs) têm sido alvo de diversas investigações na área da oncologia devido ao potencial de regulação negativa da resposta do sistema imune e à manutenção ativa do mecanismo de imunossupressão tumoral. O objetivo do presente estudo foi a comparação da porcentagem de Tregs no sangue periférico entre cães com linfoma multicêntrico e animais saudáveis e a porcentagem de Tregs no sangue periférico e nos linfonodos de cães com linfoma multicêntrico. Foram utilizados 26 animais: 10 cães saudáveis, como grupo controle (CG), e 16 cães com linfoma multicêntrico, como grupo linfoma (LG). Observou-se maior expressão de Tregs no sangue periférico de cães do LG em comparação ao CG. Entretanto, não foi observada diferença significativa entre as expressões de Treg nos linfonodos e no sangue periférico do LG. Com esses resultados, foi possível concluir que o linfoma multicêntrico apresenta alta expressão de Tregs, tornando-se condição interessante para o estudo de tratamentos capazes de suprimir as células T reguladoras. Palavras-chave: células T reguladoras, canino, linfoma, Foxp3
650 _aCÃO
650 _aDOENÇA ANIMAL
650 _aLINFOMA
650 _aTUMOR
650 _aNEOPLASIA
650 _aVETERINÁRIA
773 0 _01643
_9316504
_dBelo Horizonte-MG Universidade Federal de Minas Gerais - Escola de Veterinaria 1983
_o2024-2999
_tArquivo Brasileiro de Medicina Veterinária e Zootecnia (Brazil)
_x0102-0935
_gv. 69(6) p. 1496-1502; (2017)
_w2024002241
856 _uhttps://www.scielo.br/j/abmvz/a/JKN3ZznZvzbQW7gm68qRMzG/?format=pdf&lang=en
942 _cAnalítica
999 _c300797
_d300797